[Event "John Bishop Minor 2017"]
[Site "Cardiff"]
[Date "2017.04.16"]
[Round "5.3"]
[White "Smith, Alun"]
[Black "Hughes, Beryl"]
[Result "0-1"]
[WhiteElo "1593"]
[BlackElo "1444"]
[PlyCount "152"]
[EventDate "2017.04.14"]
[EventType "swiss"]
[EventRounds "7"]
[EventCountry "WLS"]
[SourceDate "2017.05.27"]

1. e4 e6 2. d4 d5 3. e5 c5 4. c3 Nc6 5. Nf3 Qb6 6. a3 cxd4 7. cxd4 Nge7 8. b4
a6 9. Bb2 Bd7 10. Bd3 g6 11. O-O Bg7 12. Nbd2 O-O 13. Nb3 f5 14. Nc5 Bc8 15.
Ng5 Nd8 16. Qf3 Nf7 17. Nh3 Bh6 18. Bc1 Qc6 19. Bxh6 Nxh6 20. Rfc1 Nf7 21. Nxa6
Qb6 22. Nc5 g5 23. Qg3 h6 24. f4 Kh8 25. fxg5 Rg8 26. Qh4 Ng6 27. Qh5 Qd8 28.
gxh6 Qe7 29. Rf1 b6 30. Nb3 Ba6 31. Bxa6 Rxa6 32. Nf4 Nxf4 33. Rxf4 Rg5 34. Qh3
Qa7 35. Nd2 Ra4 36. Nf3 Rg6 37. h7 Rxb4 38. Rc1 Rc4 39. Rxc4 dxc4 40. Nh4 Rg7
41. Ng6+ Rxg6 42. Qc3 b5 43. Qb4 Qd7 44. Qf8+ Kxh7 45. Rh4+ Rh6 46. Rf4 Ng5 47.
h3 Qg7 48. Qxg7+ Kxg7 49. Rf1 Rg6 50. Kh2 Ne4 51. Rb1 Nc3 52. Ra1 Nd5 53. --
Ne3 54. g3 Rh6 55. Rb1 Nc2 56. Rxb5 Nxa3 57. Ra5 Nc2 58. Rc5 Nxd4 59. Rxc4 Nf3+
60. Kg2 Nxe5 61. Ra4 Kf6 62. h4 Rh7 63. Kf2 Rb7 64. Ra2 Rb3 65. Re2 Nd3+ 66.
Kg2 Rb2 67. Rxb2 Nxb2 68. Kf3 Nd3 69. Ke3 Ne5 70. Kf4 Ng6+ 71. Kf3 Nxh4+ 72.
gxh4 Kg6 73. Kg3 Kh5 74. Kh3 e5 75. Kg3 e4 76. Kh3 f4 0-1

[Event "John Bishop Minor 2017"]
[Site "Cardiff"]
[Date "2017.04.16"]
[Round "5.4"]
[White "Langmaid, Kevin"]
[Black "Smith, Ellison"]
[Result "1-0"]
[WhiteElo "1562"]
[BlackElo "1179"]
[PlyCount "83"]
[EventDate "2017.04.14"]
[EventType "swiss"]
[EventRounds "7"]
[EventCountry "WLS"]
[SourceDate "2017.05.27"]

1. e4 e6 2. d4 d5 3. Nd2 Nf6 4. e5 Nfd7 5. Ngf3 c5 6. c3 Nc6 7. Bd3 Qb6 8. dxc5
Bxc5 9. O-O Ndxe5 10. Nxe5 Nxe5 11. Nb3 Bd7 12. Nxc5 Qxc5 13. Be3 Qc7 14. Bf4
O-O 15. Qh5 f5 16. Qe2 Qb6 17. Bxe5 Rac8 18. Bd4 Qc6 19. b3 Rfe8 20. Qe5 Re7
21. Bxf5 Rf8 22. Bd3 a6 23. Rac1 b5 24. c4 dxc4 25. Be4 Qc8 26. bxc4 b4 27. Bc5
Rff7 28. Bxe7 Rxe7 29. c5 Bb5 30. Rfd1 Kf8 31. Bxh7 Rd7 32. Rd6 Qc7 33. Rxd7
Qxe5 34. c6 Bxc6 35. Rdd1 Qh5 36. Bd3 Qd5 37. Bf1 Qe4 38. Rc4 Qf5 39. Rxc6 a5
40. Rc7 Qf6 41. Rdd7 g5 42. Rc8+ 1-0

[Event "John Bishop Minor 2017"]
[Site "Cardiff"]
[Date "2017.04.16"]
[Round "5.5"]
[White "Phillips, Roger"]
[Black "Eddershaw, John"]
[Result "1-0"]
[WhiteElo "1510"]
[BlackElo "1346"]
[PlyCount "129"]
[EventDate "2017.04.14"]
[EventType "swiss"]
[EventRounds "7"]
[EventCountry "WLS"]
[SourceDate "2017.05.27"]

1. d4 f5 2. e4 fxe4 3. Nc3 Nf6 4. Bg5 Nc6 5. d5 Ne5 6. Qd4 d6 7. Bxf6 exf6 8.
Nxe4 Be7 9. O-O-O O-O 10. f4 f5 11. Nc3 Ng6 12. g3 Bd7 13. Nf3 Bf6 14. Qd2 a6
15. Nd4 Qe7 16. Re1 Qf7 17. Bg2 Rae8 18. Nf3 h6 19. Nd1 Ne7 20. Ne3 b5 21. h4
h5 22. Ng5 Qg6 23. Nf1 Qh6 24. Nh2 g6 25. Re3 Qg7 26. c3 Nc8 27. Rhe1 Nb6 28.
Rxe8 Rxe8 29. Rxe8+ Bxe8 30. Qe2 Qe7 31. Qxe7 Bxe7 32. Ne6 Bf7 33. Nxc7 Nc4 34.
Nf1 Nb6 35. Ne3 Bd8 36. Nxa6 Nc4 37. Nxc4 bxc4 38. Nb4 Be8 39. Kd2 Bb6 40. Ke2
Kf7 41. Nc2 Ke7 42. Na3 Kd8 43. Ke1 Kc7 44. Nxc4 Bb5 45. Nxb6 Kxb6 46. b3 Kc5
47. Kd2 Ba6 48. b4+ Kb6 49. a4 Bc4 50. Bf3 Ba6 51. a5+ Ka7 52. Ke3 Kb8 53. Kd4
Kc7 54. c4 Bb7 55. b5 Ba8 56. c5 Bb7 57. b6+ Kc8 58. Be2 Kd8 59. a6 Kc8 60.
axb7+ Kxb7 61. Bb5 Kc8 62. c6 Kb8 63. Ba6 Ka8 64. c7 g5 65. c8=Q# 1-0

[Event "John Bishop Minor 2017"]
[Site "Cardiff"]
[Date "2017.04.16"]
[Round "5.6"]
[White "McLoughlin, Mike"]
[Black "Chong, Kimberly"]
[Result "0-1"]
[WhiteElo "1388"]
[BlackElo "1441"]
[PlyCount "94"]
[EventDate "2017.04.14"]
[EventType "swiss"]
[EventRounds "7"]
[EventCountry "WLS"]
[SourceDate "2017.05.27"]

1. e4 c5 2. Nf3 d6 3. d4 cxd4 4. Nxd4 a6 5. c4 e5 6. Nb3 Nf6 7. Nc3 Be7 8. Be2
O-O 9. Be3 Be6 10. Nd2 Nc6 11. Nd5 b5 12. cxb5 Bxd5 13. bxc6 Bxc6 14. f3 d5 15.
exd5 Nxd5 16. Bf2 Nf4 17. O-O Nxe2+ 18. Qxe2 Qc7 19. Rac1 Qb7 20. Nc4 Bb5 21.
Qe4 Qxe4 22. fxe4 Rac8 23. b3 Bxc4 24. Rxc4 Rxc4 25. bxc4 Ba3 26. Rb1 Rc8 27.
c5 f6 28. Rb3 Bxc5 29. Bxc5 Rxc5 30. Ra3 a5 31. Ra4 Kf7 32. Kf2 h5 33. h4 Ke6
34. Ra3 g5 35. g3 gxh4 36. gxh4 f5 37. exf5+ Kxf5 38. Ra4 e4 39. Ke3 Rc3+ 40.
Ke2 Rh3 41. Rxa5+ Kg4 42. Ra4 Kf5 43. Ra5+ Kg6 44. Ra4 Rxh4 45. Ra5 Rg4 46. Ke3
h4 47. Re5 h3 0-1

[Event "John Bishop Minor 2017"]
[Site "Cardiff"]
[Date "2017.04.16"]
[Round "5.7"]
[White "Rees, Morgan"]
[Black "Shahameeran, Ashika"]
[Result "1-0"]
[WhiteElo "1234"]
[BlackElo "850"]
[PlyCount "61"]
[EventDate "2017.04.14"]
[EventType "swiss"]
[EventRounds "7"]
[EventCountry "WLS"]
[SourceDate "2017.05.27"]

1. e4 e5 2. Nf3 Nc6 3. Bb5 Nd4 4. Nxd4 exd4 5. O-O Nf6 6. c3 dxc3 7. Nxc3 Bb4
8. e5 Bxc3 9. bxc3 Nd5 10. Bb2 O-O 11. d4 d6 12. exd6 Qxd6 13. Qb3 c6 14. Ba3
Qg6 15. Bxf8 Nf4 16. g3 Nh3+ 17. Kh1 Qf6 18. Be2 Be6 19. Bxg7 Bd5+ 20. Qxd5
Qxg7 21. Qf3 Ng5 22. Qg4 Re8 23. Bc4 Re4 24. Qc8+ Qf8 25. Qf5 Qh6 26. Bxf7+ Kh8
27. Rfe1 Rxe1+ 28. Rxe1 Nxf7 29. Qxf7 Qg7 30. Re8+ Qg8 31. Rxg8# 1-0

[Event "John Bishop Minor 2017"]
[Site "Cardiff"]
[Date "2017.04.16"]
[Round "5.8"]
[White "Jones, Dwain"]
[Black "Smith, Callum"]
[Result "1-0"]
[WhiteElo "1245"]
[BlackElo "1082"]
[PlyCount "41"]
[EventDate "2017.04.14"]
[EventType "swiss"]
[EventRounds "7"]
[EventCountry "WLS"]
[SourceDate "2017.05.27"]

1. d4 d5 2. c4 e6 3. Nc3 Nf6 4. Bg5 Be7 5. f3 Nc6 6. e4 dxe4 7. Be3 exf3 8.
Nxf3 Bb4 9. Bd3 b6 10. a3 Bxc3+ 11. bxc3 Bb7 12. O-O h6 13. Bc2 Qd6 14. Qd2
O-O-O 15. Bf4 Qe7 16. Rfe1 Na5 17. Qd3 Bxf3 18. Qxf3 Nxc4 19. Qa8+ Kd7 20. Ba4+
c6 21. Qxc6# 1-0

[Event "John Bishop Minor 2017"]
[Site "Cardiff"]
[Date "2017.04.16"]
[Round "5.9"]
[White "Watkins, Peter"]
[Black "Davies, Gareth"]
[Result "1/2-1/2"]
[WhiteElo "1390"]
[BlackElo "1340"]
[PlyCount "62"]
[EventDate "2017.04.14"]
[EventType "swiss"]
[EventRounds "7"]
[EventCountry "WLS"]
[SourceDate "2017.05.27"]

1. e4 Nf6 2. e5 Nd5 3. d4 d6 4. Nf3 dxe5 5. Nxe5 g6 6. Be2 Bg7 7. O-O O-O 8. c4
Nf6 9. Nc3 c6 10. Bg5 Nbd7 11. Qc1 Nb6 12. Qe3 Re8 13. Rad1 Be6 14. b3 Qc8 15.
Qf3 Nbd7 16. Bxf6 Nxf6 17. Ne4 Nxe4 18. Qxe4 f5 19. Qc2 Bf6 20. f4 Rd8 21. c5
Bd5 22. Bc4 e6 23. Bxd5 exd5 24. Rfe1 Re8 25. Qf2 Qc7 26. g3 Re7 27. Nf3 Rae8
28. Rxe7 Rxe7 29. Re1 Rxe1+ 30. Qxe1 Qe7 31. Qxe7 Bxe7 1/2-1/2

[Event "John Bishop Minor 2017"]
[Site "Cardiff"]
[Date "2017.04.16"]
[Round "5.10"]
[White "Jaberansari, Benjamin"]
[Black "Guha, Anuraag"]
[Result "1-0"]
[WhiteElo "855"]
[BlackElo "800"]
[PlyCount "69"]
[EventDate "2017.04.14"]
[EventType "swiss"]
[EventRounds "7"]
[EventCountry "WLS"]
[SourceDate "2017.05.27"]

1. e4 e6 2. Nf3 Nf6 3. Nc3 Nc6 4. d4 d5 5. e5 Ne4 6. Bd2 Nxd2 7. Qxd2 Bb4 8.
Bb5 Bd7 9. O-O O-O 10. Ng5 a6 11. Bxc6 Bxc6 12. a3 Bxc3 13. bxc3 f6 14. exf6
gxf6 15. Nxe6 Qd6 16. Nxf8 Rxf8 17. Rfe1 Bb5 18. Qe3 Re8 19. Qg3+ Qxg3 20. hxg3
Rxe1+ 21. Rxe1 Ba4 22. Re7 Bxc2 23. Rxc7 b5 24. Kh2 Bd3 25. Kh3 f5 26. Kh4 Bc4
27. Kg5 Bd3 28. Kh6 Kf8 29. Rxh7 f4 30. Ra7 fxg3 31. fxg3 b4 32. axb4 Bb5 33.
Kg6 Bf1 34. Kf6 Bc4 35. Ra8# 1-0

[Event "John Bishop Minor 2017"]
[Site "Cardiff"]
[Date "2017.04.17"]
[Round "6.1"]
[White "Hughes, Beryl"]
[Black "Jones, Jeremy"]
[Result "1-0"]
[WhiteElo "1444"]
[BlackElo "1576"]
[PlyCount "101"]
[EventDate "2017.04.14"]
[EventType "swiss"]
[EventRounds "7"]
[EventCountry "WLS"]
[SourceDate "2017.05.27"]

1. d4 d5 2. Nf3 Nf6 3. e3 e6 4. Bd3 c5 5. c3 c4 6. Bc2 Bd6 7. Nbd2 O-O 8. O-O
Nc6 9. Qe2 b5 10. e4 dxe4 11. Nxe4 Be7 12. Nxf6+ Bxf6 13. Qe4 g6 14. Qxc6 Bd7
15. Qe4 Qc7 16. Bf4 Qc6 17. Qxc6 Bxc6 18. Ne5 Bxe5 19. Bxe5 Bd5 20. Rae1 f6 21.
Bg3 Rfd8 22. Be4 Kf7 23. Bxd5 Rxd5 24. Re3 Re8 25. Rfe1 a6 26. f4 f5 27. Re5
Rd6 28. d5 Kf6 29. Bh4+ Kf7 30. dxe6+ Rdxe6 31. Rxe6 Rxe6 32. Rxe6 Kxe6 33. Kf2
Kd5 34. Kf3 a5 35. Bf2 a4 36. h3 Ke6 37. g4 Kd5 38. Bd4 Ke6 39. Ke3 Kd5 40. Ba7
fxg4 41. hxg4 h5 42. f5 gxf5 43. gxh5 Ke5 44. Bb8+ Kf6 45. Kf4 b4 46. Be5+ Ke6
47. h6 b3 48. axb3 cxb3 49. h7 a3 50. h8=Q axb2 51. Qh1 1-0

[Event "John Bishop Minor 2017"]
[Site "Cardiff"]
[Date "2017.04.17"]
[Round "6.2"]
[White "Peters, Chris"]
[Black "Langmaid, Kevin"]
[Result "1-0"]
[WhiteElo "1539"]
[BlackElo "1562"]
[PlyCount "69"]
[EventDate "2017.04.14"]
[EventType "swiss"]
[EventRounds "7"]
[EventCountry "WLS"]
[SourceDate "2017.05.27"]

1. e4 e5 2. Nf3 Nc6 3. Bb5 a6 4. Bxc6 dxc6 5. O-O Bd6 6. h3 Nf6 7. d4 Qe7 8.
Bg5 h6 9. Bh4 c5 10. c3 b6 11. Re1 Bb7 12. Nbd2 cxd4 13. cxd4 g5 14. Bg3 Nd7
15. Nc4 f6 16. d5 Bb4 17. Re2 a5 18. Ne3 Ba6 19. Rc2 Bd6 20. Nf5 Qf8 21. a3 Nc5
22. Rc3 Nxe4 23. Qa4+ b5 24. Qxe4 b4 25. Nxd6+ cxd6 26. axb4 f5 27. Qc2 Qf6 28.
Rxa5 O-O 29. b5 Bb7 30. Rxa8 Rxa8 31. Rc7 Bxd5 32. Rc8+ Rxc8 33. Qxc8+ Kf7 34.
b6 f4 35. b7 1-0

[Event "John Bishop Minor 2017"]
[Site "Cardiff"]
[Date "2017.04.17"]
[Round "6.3"]
[White "Mason, Ed"]
[Black "Phillips, Roger"]
[Result "0-1"]
[WhiteElo "1422"]
[BlackElo "1510"]
[PlyCount "94"]
[EventDate "2017.04.14"]
[EventType "swiss"]
[EventRounds "7"]
[EventCountry "WLS"]
[SourceDate "2017.05.27"]

1. e4 e6 2. d4 d5 3. Nd2 dxe4 4. Nxe4 Bd7 5. Nf3 Bc6 6. Bd3 Nd7 7. O-O Ngf6 8.
Re1 Nxe4 9. Bxe4 Bxe4 10. Rxe4 Nf6 11. Re2 Be7 12. Bf4 O-O 13. c4 c6 14. Rc1
Nh5 15. Be3 Nf6 16. Rc3 a5 17. Rb3 Qc7 18. Ne5 Rfd8 19. Bf4 Nh5 20. Be3 Qxe5
21. Rxb7 Qf6 22. Rd2 g6 23. g4 Bb4 24. gxh5 Bxd2 25. Qxd2 gxh5 26. d5 Qg6+ 27.
Kf1 exd5 28. cxd5 Rxd5 29. Qe2 Rad8 30. Qf3 Rd1+ 31. Qxd1 Rxd1+ 32. Ke2 Rd5 33.
Rb3 Qg4+ 34. f3 Qg2+ 35. Ke1 Qh1+ 36. Kf2 Qxh2+ 37. Ke1 Qe5 38. Kf2 Qf6 39.
Rb8+ Rd8 40. Rb3 h4 41. Rc3 Rd5 42. Rc4 Qxb2+ 43. Ke1 Qf6 44. Ke2 h5 45. Rc1
Qb2+ 46. Kf1 h3 47. Kg1 Qg2# 0-1

[Event "John Bishop Minor 2017"]
[Site "Cardiff"]
[Date "2017.04.17"]
[Round "6.6"]
[White "Chong, Kimberly"]
[Black "Smith, Alun"]
[Result "0-1"]
[WhiteElo "1441"]
[BlackElo "1593"]
[PlyCount "100"]
[EventDate "2017.04.14"]
[EventType "swiss"]
[EventRounds "7"]
[EventCountry "WLS"]
[SourceDate "2017.05.27"]

1. e4 e6 2. d4 d5 3. exd5 exd5 4. c4 Nf6 5. Nf3 Be7 6. Be2 O-O 7. O-O Nbd7 8.
Nc3 Nb6 9. c5 Nbd7 10. Qb3 b6 11. Nxd5 bxc5 12. Nxe7+ Qxe7 13. Re1 cxd4 14. Bd3
Qd6 15. Qc2 c5 16. Ng5 h6 17. Ne4 Nxe4 18. Rxe4 Nf6 19. Bf4 Qb6 20. Re5 Nd7 21.
Re7 Qf6 22. Be4 Qxe7 23. Bxa8 Ba6 24. Bc6 Rc8 25. Bd5 Nb6 26. Qe4 Qxe4 27. Bxe4
d3 28. b3 Rd8 29. Rd1 Rd4 30. f3 f5 31. Be3 fxe4 32. Bxd4 cxd4 33. fxe4 Kf7 34.
Kf1 Ke6 35. Kf2 Ke5 36. Kf3 Bb7 37. Kg4 Bxe4 38. Rd2 Nd5 39. g3 Nc3 40. Rb2
Bf5+ 41. Kf3 Ne4 42. g4 d2 43. Rb1 Bxg4+ 44. Kxg4 Nc3 45. Ra1 d1=Q+ 46. Rxd1
Nxd1 47. Kf3 Nc3 48. a4 Kd5 49. Kf2 Ke4 50. Ke1 Ke3 0-1

[Event "John Bishop Minor 2017"]
[Site "Cardiff"]
[Date "2017.04.17"]
[Round "6.7"]
[White "Eddershaw, John"]
[Black "Jones, Dwain"]
[Result "0-1"]
[WhiteElo "1346"]
[BlackElo "1245"]
[PlyCount "98"]
[EventDate "2017.04.14"]
[EventType "swiss"]
[EventRounds "7"]
[EventCountry "WLS"]
[SourceDate "2017.05.27"]

1. d4 c5 2. d5 d6 3. c4 g6 4. Bd2 Bg7 5. Bc3 Nf6 6. Nd2 O-O 7. e3 Nbd7 8. Ngf3
Nb6 9. Qc2 Bf5 10. Qb3 Bd7 11. a4 Qe8 12. a5 Na4 13. Nb1 Nxc3 14. Nxc3 b6 15.
Bd3 bxa5 16. O-O e5 17. e4 Qe7 18. Rxa5 Nh5 19. g3 Bh3 20. Re1 Qf6 21. Qd1 Bg4
22. Be2 Bh6 23. Nh4 Bxe2 24. Qxe2 Nf4 25. gxf4 Qxh4 26. fxe5 Bf4 27. f3 Bxe5
28. Qf2 Bxh2+ 29. Kg2 Qxf2+ 30. Kxf2 Bf4 31. Re2 h5 32. Kg2 Kg7 33. Ra1 Rh8 34.
Kh3 g5 35. Rg2 Kf6 36. Ne2 g4+ 37. fxg4 hxg4+ 38. Kxg4 Rag8+ 39. Kf3 Rh3+ 40.
Kf2 Be3+ 41. Ke1 Rh1+ 42. Rg1 Rgxg1+ 43. Nxg1 Rxg1+ 44. Ke2 Rxa1 45. Kxe3 Ke5
46. Kf3 Rb1 47. Kg4 Rxb2 48. Kg5 a5 49. Kh6 Rg2 0-1

[Event "John Bishop Minor 2017"]
[Site "Cardiff"]
[Date "2017.04.17"]
[Round "6.8"]
[White "Smith, Ellison"]
[Black "McLoughlin, Mike"]
[Result "1-0"]
[WhiteElo "1179"]
[BlackElo "1388"]
[PlyCount "69"]
[EventDate "2017.04.14"]
[EventType "swiss"]
[EventRounds "7"]
[EventCountry "WLS"]
[SourceDate "2017.05.27"]

1. e4 e5 2. Nf3 Nc6 3. Bc4 Bc5 4. c3 Nf6 5. d4 exd4 6. cxd4 Bb4+ 7. Nc3 Nxe4 8.
O-O Nxc3 9. bxc3 Be7 10. Re1 O-O 11. Qd3 d5 12. Bb3 Bg4 13. Ne5 Bh5 14. Bc2 Bg6
15. Nxc6 bxc6 16. Qe3 Re8 17. Bxg6 fxg6 18. Rb1 c5 19. Ba3 Bg5 20. Qxe8+ Qxe8
21. Rxe8+ Rxe8 22. Bxc5 a6 23. g3 Bd2 24. Rb3 Kf7 25. Rb7 Re7 26. Bxe7 Kxe7 27.
Rxc7+ Kd6 28. Rxg7 Bxc3 29. Rxh7 Bxd4 30. Rh6 Bc3 31. Rxg6+ Kc5 32. Rxa6 d4 33.
Ra8 d3 34. Rd8 d2 35. Kf1 1-0

[Event "John Bishop Minor 2017"]
[Site "Cardiff"]
[Date "2017.04.17"]
[Round "6.9"]
[White "Davies, Gareth"]
[Black "Jaberansari, Benjamin"]
[Result "1-0"]
[WhiteElo "1340"]
[BlackElo "855"]
[PlyCount "93"]
[EventDate "2017.04.14"]
[EventType "swiss"]
[EventRounds "7"]
[EventCountry "WLS"]
[SourceDate "2017.05.27"]

1. d4 d5 2. Bf4 Nc6 3. Nf3 Nf6 4. e3 Bf5 5. c3 e6 6. Bd3 Bd6 7. Bg3 Ne4 8. Qc2
O-O 9. Nbd2 Re8 10. Nxe4 dxe4 11. Bxe4 Qf6 12. Bxd6 cxd6 13. O-O Rad8 14. Nd2
d5 15. Bxf5 Qxf5 16. Qxf5 exf5 17. g3 Re6 18. Kg2 f6 19. Kf3 Kf7 20. Rg1 Kg6
21. g4 Rd7 22. Kf4 Ne7 23. gxf5+ Kf7 24. fxe6+ Kxe6 25. Kf3 g5 26. Rae1 h5 27.
e4 dxe4+ 28. Rxe4+ Kf5 29. Ke2 Nc6 30. f3 Rd5 31. b4 b5 32. h3 h4 33. Kf2 a6
34. Rge1 Kg6 35. Nb3 Rf5 36. Nc5 Rd5 37. Re6 Nd8 38. Re8 Kf7 39. R1e7+ Kg6 40.
Rg8+ Kf5 41. Nd3 Ne6 42. Rge8 Rd6 43. Nc5 Nxc5 44. bxc5 Rc6 45. Rd8 Kf4 46. Rd6
Rc8 47. Rxf6# 1-0

[Event "John Bishop Minor 2017"]
[Site "Cardiff"]
[Date "2017.04.17"]
[Round "6.10"]
[White "Christmas, Rosie"]
[Black "Lutchman Singh, Vedant"]
[Result "1-0"]
[WhiteElo "1039"]
[BlackElo "850"]
[PlyCount "31"]
[EventDate "2017.04.14"]
[EventType "swiss"]
[EventRounds "7"]
[EventCountry "WLS"]
[SourceDate "2017.05.27"]

1. d4 d5 2. Bf4 Nf6 3. e3 Nc6 4. Nf3 Bf5 5. a3 e6 6. Nbd2 Ne4 7. Nxe4 dxe4 8.
Ne5 Qd6 9. Nxf7 Bg4 10. Nxd6+ cxd6 11. Qxg4 e5 12. Bg5 Nd8 13. Bb5+ Kf7 14.
Qf5+ Kg8 15. Bc4+ Nf7 16. Qxf7# 1-0

[Event "John Bishop Minor 2017"]
[Site "Cardiff"]
[Date "2017.04.17"]
[Round "6.11"]
[White "Shahameeran, Ashika"]
[Black "Watkins, Peter"]
[Result "0-1"]
[WhiteElo "850"]
[BlackElo "1390"]
[PlyCount "90"]
[EventDate "2017.04.14"]
[EventType "swiss"]
[EventRounds "7"]
[EventCountry "WLS"]
[SourceDate "2017.05.27"]

1. e4 e5 2. Nf3 Nc6 3. d4 exd4 4. Nxd4 Nf6 5. Nxc6 bxc6 6. Bg5 Be7 7. Bxf6 Bxf6
8. c3 O-O 9. Bd3 d5 10. Qh5 g6 11. Qd1 dxe4 12. Bxe4 Qxd1+ 13. Kxd1 Rd8+ 14.
Ke1 Rd6 15. Na3 Ba6 16. Rd1 Re8 17. f3 Bxc3+ 18. bxc3 f5 19. Rxd6 cxd6 20. c4
fxe4 21. fxe4 Rxe4+ 22. Kd1 Bxc4 23. Nxc4 Rxc4 24. Re1 Kf7 25. Rf1+ Ke7 26.
Re1+ Kd7 27. Rf1 Re4 28. Rf7+ Re7 29. Rxe7+ Kxe7 30. Kd2 Ke6 31. Kd3 Ke5 32.
Kc4 d5+ 33. Kc5 d4 34. Kc4 Ke4 35. a4 d3 36. Kc3 Ke3 37. g4 Ke2 38. h4 d2 39.
h5 d1=Q 40. hxg6 hxg6 41. g5 Ke3 42. Kc4 Qd4+ 43. Kb3 Kd2 44. Ka2 Kc2 45. Ka3
Qb2# 0-1

[Event "John Bishop Minor 2017"]
[Site "Cardiff"]
[Date "2017.04.17"]
[Round "6.12"]
[White "Hamadah, Muhieddin"]
[Black "Guha, Anuraag"]
[Result "1-0"]
[WhiteElo "1302"]
[BlackElo "800"]
[PlyCount "51"]
[EventDate "2017.04.14"]
[EventType "swiss"]
[EventRounds "7"]
[EventCountry "WLS"]
[SourceDate "2017.05.27"]

1. e4 e6 2. d4 d5 3. e5 c5 4. c3 cxd4 5. cxd4 Bb4+ 6. Bd2 Bxd2+ 7. Qxd2 Nc6 8.
Nf3 Nge7 9. Nc3 O-O 10. a3 Na5 11. Qc2 Nf5 12. Bd3 f6 13. Bxf5 exf5 14. exf6
gxf6 15. O-O Bd7 16. b4 Nc6 17. Nxd5 Ne7 18. Nxe7+ Qxe7 19. Rfe1 Qd6 20. Qc4+
Be6 21. Rxe6 Kg7 22. Rxd6 Rac8 23. Rd7+ Kh8 24. Qe6 Rfe8 25. Qxf6+ Kg8 26. Qg7#
1-0

[Event "John Bishop Minor 2017"]
[Site "Cardiff"]
[Date "2017.04.17"]
[Round "7.1"]
[White "Phillips, Roger"]
[Black "Peters, Chris"]
[Result "1-0"]
[WhiteElo "1510"]
[BlackElo "1539"]
[PlyCount "84"]
[EventDate "2017.04.14"]
[EventType "swiss"]
[EventRounds "7"]
[EventCountry "WLS"]
[SourceDate "2017.05.27"]

1. d4 Nf6 2. c4 g6 3. Nc3 Bg7 4. e4 d6 5. Be2 O-O 6. Bg5 Nbd7 7. Qd2 c5 8. d5
a6 9. a4 Ne8 10. Nf3 Ne5 11. Nxe5 Bxe5 12. Bf4 Bxf4 13. Qxf4 Ng7 14. O-O b6 15.
Qd2 Ne8 16. f4 Kg7 17. e5 Rh8 18. Qe3 e6 19. Bf3 Ra7 20. Rad1 Re7 21. dxe6 Bxe6
22. exd6 Rd7 23. Qe5+ Qf6 24. Ne4 Qxe5 25. fxe5 Bxc4 26. Rf2 Bb3 27. Re1 Bxa4
28. Nc3 Bb3 29. Bc6 Rd8 30. Bd5 Bxd5 31. Nxd5 f6 32. exf6+ Kh6 33. Ref1 Nxd6
34. Nxb6 Rhf8 35. Na4 Ne4 36. Rf4 Nd2 37. Re1 Rd4 38. Rxd4 cxd4 39. Rd1 Rb8 40.
Rxd2 Rd8 41. Nc5 g5 42. f7 Kg7 1-0

[Event "John Bishop Minor 2017"]
[Site "Cardiff"]
[Date "2017.04.17"]
[Round "7.2"]
[White "Rees, Morgan"]
[Black "Hughes, Beryl"]
[Result "0-1"]
[WhiteElo "1234"]
[BlackElo "1444"]
[PlyCount "104"]
[EventDate "2017.04.14"]
[EventType "swiss"]
[EventRounds "7"]
[EventCountry "WLS"]
[SourceDate "2017.05.27"]

1. e4 e6 2. d4 d5 3. exd5 exd5 4. Nf3 Nf6 5. Bg5 Be7 6. Be2 O-O 7. O-O Bg4 8.
Re1 Nbd7 9. Ne5 Bxe2 10. Qxe2 Re8 11. Nxd7 Qxd7 12. Qd3 h6 13. Bxf6 Bxf6 14.
Nc3 c6 15. a4 Qg4 16. Rxe8+ Rxe8 17. Rd1 Be7 18. Re1 Qd7 19. Qe3 Kf8 20. Qd3 g6
21. h3 Bb4 22. Qd2 Rxe1+ 23. Qxe1 Qe7 24. Qd2 Kg7 25. Nxd5 cxd5 26. c3 Bd6 27.
b4 Qf6 28. Qd3 Qe6 29. Kf1 Bc7 30. a5 Qc6 31. Ke2 Qc4 32. Qxc4 dxc4 33. Ke3 Kf6
34. Ke4 Ke6 35. d5+ Kd6 36. Kd4 b5 37. axb6 Bxb6+ 38. Kxc4 Bxf2 39. Kb5 Kxd5
40. c4+ Kd6 41. c5+ Kc7 42. Kc4 a6 43. Kd5 Be1 44. Kc4 Kc6 45. g4 Bd2 46. h4
Be1 47. g5 hxg5 48. hxg5 Bd2 49. Kb3 Bxg5 50. Ka4 Bd2 51. Ka5 f5 52. Kxa6 Bxb4
0-1

[Event "John Bishop Minor 2017"]
[Site "Cardiff"]
[Date "2017.04.17"]
[Round "7.3"]
[White "Jones, Jeremy"]
[Black "Mason, Ed"]
[Result "1/2-1/2"]
[WhiteElo "1576"]
[BlackElo "1422"]
[PlyCount "71"]
[EventDate "2017.04.14"]
[EventType "swiss"]
[EventRounds "7"]
[EventCountry "WLS"]
[SourceDate "2017.05.27"]

1. d4 d5 2. c4 c6 3. Nc3 Nf6 4. cxd5 Nxd5 5. e4 Nxc3 6. bxc3 e6 7. Nf3 Be7 8.
Be2 O-O 9. O-O Nd7 10. Bf4 Nf6 11. Qc2 h6 12. e5 Nh7 13. Bd3 Ng5 14. Nd2 f6 15.
h4 Nf7 16. Bh7+ Kh8 17. exf6 Bxf6 18. g3 e5 19. dxe5 Bxe5 20. Be3 Nd6 21. f4
Bf6 22. Ne4 Nf5 23. Bxf5 Bxf5 24. g4 Bxg4 25. Nxf6 Qxf6 26. Bd4 Qxh4 27. Qh2
Qxh2+ 28. Kxh2 Rfe8 29. Rae1 h5 30. Kg3 Kg8 31. Kh4 Kf7 32. Kg5 g6 33. Re5 Re6
34. Rfe1 Rae8 35. Rxe6 Rxe6 36. Be5 1/2-1/2

[Event "John Bishop Minor 2017"]
[Site "Cardiff"]
[Date "2017.04.17"]
[Round "7.4"]
[White "Smith, Alun"]
[Black "Jones, Martin K"]
[Result "1/2-1/2"]
[WhiteElo "1593"]
[BlackElo "1503"]
[PlyCount "72"]
[EventDate "2017.04.14"]
[EventType "swiss"]
[EventRounds "7"]
[EventCountry "WLS"]
[SourceDate "2017.05.27"]

1. e4 e6 2. d4 d5 3. e5 b6 4. Nf3 Ba6 5. Bxa6 Nxa6 6. O-O Nb8 7. c3 c5 8. a3
Nc6 9. b4 c4 10. Be3 h6 11. Nbd2 Nge7 12. Nh4 g5 13. Nhf3 Ng6 14. h3 Be7 15.
Nh2 h5 16. f4 Nh4 17. Ndf3 Nf5 18. Kf2 g4 19. hxg4 hxg4 20. Nxg4 Bh4+ 21. Nxh4
Qxh4+ 22. Kg1 Nxe3 23. Nxe3 Rg8 24. Qe1 Qh5 25. Kf2 Qg6 26. f5 exf5 27. Qd2 f4
28. Nd1 Ne7 29. Ke1 Qxg2 30. Qxg2 Rxg2 31. Rxf4 Ng6 32. Rf1 Ne7 33. Ne3 Rg3 34.
Kf2 Rg7 35. Rg1 Rxg1 36. Rxg1 Kd7 1/2-1/2

[Event "John Bishop Minor 2017"]
[Site "Cardiff"]
[Date "2017.04.17"]
[Round "7.5"]
[White "Jones, Dwain"]
[Black "Smith, Ellison"]
[Result "1-0"]
[WhiteElo "1245"]
[BlackElo "1179"]
[PlyCount "89"]
[EventDate "2017.04.14"]
[EventType "swiss"]
[EventRounds "7"]
[EventCountry "WLS"]
[SourceDate "2017.05.27"]

1. d4 e6 2. c4 d5 3. Nc3 h6 4. f3 c6 5. Bf4 Nf6 6. e4 Bb4 7. Bd3 Na6 8. Nge2
Nc7 9. a3 Be7 10. O-O O-O 11. c5 b6 12. Bc2 bxc5 13. dxc5 Bxc5+ 14. Kh1 Re8 15.
e5 Nd7 16. Qd3 Nf8 17. b4 Ba6 18. Qd2 Be7 19. Rfe1 Nb5 20. Nxb5 Bxb5 21. Nd4
Qd7 22. a4 Bc4 23. a5 Rab8 24. Reb1 Rec8 25. Ba4 Bb5 26. Nxb5 cxb5 27. Bc2 Qc7
28. Rc1 Qb7 29. Be3 a6 30. h3 Nd7 31. Bxh6 gxh6 32. Qxh6 Nf8 33. f4 Rc4 34. Ra3
Ng6 35. Bxg6 fxg6 36. Qxg6+ Kf8 37. Rg3 Bg5 38. Rxg5 Rxc1+ 39. Kh2 Qf7 40. Qh6+
Ke7 41. Rg7 Qxg7 42. Qxg7+ Kd8 43. f5 Re1 44. fxe6 Ke8 45. Qd7+ 1-0